Practical poultry management / (Record no. 2414)

MARC details
000 -LEADER
fixed length control field 00771cam a2200253u 4500
001 - CONTROL NUMBER
control field BD-DhSAU 2414
003 - CONTROL NUMBER IDENTIFIER
control field BD-DhSAU
005 - DATE AND TIME OF LATEST TRANSACTION
control field 20170529111410.0
008 - FIXED-LENGTH DATA ELEMENTS--GENERAL INFORMATION
fixed length control field 830715s1940 nyuak r 001 0 eng
040 ## - CATALOGING SOURCE
Original cataloging agency BD-DhSAU
082 ## - DEWEY DECIMAL CLASSIFICATION NUMBER
Edition number 22
Classification number 636.5
Item number R363
100 1# - MAIN ENTRY--PERSONAL NAME
Personal name Rice, James E.
Fuller form of name (James Edward),
Dates associated with a name 1865-1953.
245 10 - TITLE STATEMENT
Title Practical poultry management /
Statement of responsibility, etc. James E. Rice and Harold E. Botsford.
250 ## - EDITION STATEMENT
Edition statement 4th ed.
260 ## - PUBLICATION, DISTRIBUTION, ETC. (IMPRINT)
Place of publication, distribution, etc. New York :
Name of publisher, distributor, etc. J. Wiley & sons, inc. ,
Date of publication, distribution, etc. c1940.
300 ## - PHYSICAL DESCRIPTION
Extent xix, 604 p.
Other physical details ill. ;
Dimensions 21 cm.
440 ## - SERIES STATEMENT/ADDED ENTRY--TITLE
Title The Wiley farm series.
504 ## - BIBLIOGRAPHY, ETC. NOTE
Bibliography, etc Includes index.
590 ## - Name of Cataloguer
Name of Cataloger joy
650 #0 - SUBJECT ADDED ENTRY--TOPICAL TERM
Topical term or geographic name as entry element Poultry.
650 #0 - SUBJECT ADDED ENTRY--TOPICAL TERM
Topical term or geographic name as entry element Animal husbandry.
700 1# - ADDED ENTRY--PERSONAL NAME
Personal name Botsford, Harold Eugene,
Dates associated with a name 1887- [from old catalog]
Relator term joint author.
942 ## - ADDED ENTRY ELEMENTS (KOHA)
Source of classification or shelving scheme Dewey Decimal Classification
Koha item type Book
Holdings
Withdrawn status Lost status Source of classification or shelving scheme Damaged status Not for loan Home library Branch Name Shelving location Date acquired Total Checkouts Full call number Barcode Date last seen Price effective from Koha item type Collection code
    Dewey Decimal Classification     SAU Library SAU Library General Stacks 21/09/1988   636.5 R363 1133 28/01/2015 28/01/2015 Book  
    Dewey Decimal Classification     SAU Library SAU Library General Stacks 21/09/1998   636.5 R363 1132 28/01/2015 28/01/2015 Book  
    Dewey Decimal Classification     SAU Library SAU Library General Stacks 21/09/1998   636.5 R363 1131 28/01/2015 28/01/2015 Book  
    Dewey Decimal Classification     SAU Library SAU Library General Stacks 21/09/1998   636.5 R363 1130 28/01/2015 28/01/2015 Book  
    Dewey Decimal Classification     SAU Library SAU Library General Stacks 21/09/1998   636.5 R363 1128 28/01/2015 28/01/2015 Book  
    Dewey Decimal Classification   Not For Loan SAU Library SAU Library Reference 21/09/1998   636.5 R363 1127 28/01/2015 28/01/2015 Book Reference
    Dewey Decimal Classification     SAU Library SAU Library General Stacks 21/09/1998   636.5 R363 1129 28/01/2015 28/01/2015 Book